Les Provinces ecclésiastiques de France - Statistiques

Statistiques générales
  • Ce quiz a été pris 24 fois
  • Le résultat moyen est 54 sur 199
Statistiques - réponses
Province Départements % Correct
Besançon Belfort
56%
Montpellier {Carcassonne} et Narbonne
56%
{Perpignan}-Elne
56%
Poitiers Angoulême
44%
Doubs
44%
{Evry}-Corbeil-Essonnes
44%
{La Rochelle} et Saintes
44%
Limoges
44%
Mende
44%
{Nîmes} Uzès et Alès
44%
Poitiers
44%
Tulle
44%
Bordeaux Agen
33%
Marseille {Aix} et Arles
33%
Ajaccio
33%
Toulouse {Albi} Castres et Lavaur
33%
Clermont Allier
33%
Reims Amiens
33%
Rennes Angers
33%
Lille {Arras} Boulogne et Saint-Omer
33%
{Auch} Condom, Lectoure et Lombez
33%
Dijon {Autun} Chalon-sur-Saône et Mâcon
33%
Avignon
33%
Rouen {Bayeux} et Lisieux
33%
{Bayonne} Lescar et Oloron
33%
Besançon {Belfort}-Montbéliard
33%
Besançon
33%
Tours Blois
33%
Bourges
33%
Cahors
33%
Cantal
33%
Cayenne
33%
Châlons-en-Champagne
33%
{Chambery} Maurienne et Tarentaise
33%
Chartres
33%
Clermont Clermont
33%
Dijon Côte d'or
33%
Paris Créteil
33%
{Digne}-Riez et Sisteron
33%
Dijon
33%
Bordeaux Dordogne
33%
Evreux
33%
{Fréjus}-Toulon
33%
{Gap} et Embrun
33%
Gironde
33%
Haute-Loire
33%
Haute-Saône
33%
Jura
33%
Landes
33%
Langres
33%
Laval
33%
Le Havre
33%
Le Mans
33%
Le Puy-en-Velay
33%
Lille
33%
Lot-et-Garonne
33%
Meaux
33%
Meurthe-et-Moselle
33%
Meuse
33%
Montauban
33%
Moulins
33%
{Nancy}-Toul
33%
Nanterre
33%
Nantes
33%
Nevers
33%
Nice
33%
Nièvre
33%
Lille Nord
33%
Orléans
33%
{Pamiers} Couserans et Mirepoix
33%
Paris
33%
Pas-de-Calais
33%
{Périgueux} et Sarlat
33%
Puy-de-Dôme
33%
Pyrénées Atlantiques
33%
{Quimper} et Léon
33%
Reims
33%
Rennes
33%
{Rodez} et Vabres
33%
Rouen
33%
{Saint-Brieuc} et Tréguier
33%
Saint-Dié
33%
Saint-Flour
33%
Saône-et-Loire
33%
{Soissons} Laon et Saint-Quentin
33%
Strasbourg
33%
{Tarbes} et Lourdes
33%
{Toulouse} Saint-Bertrand-de-Comminges et Rieux
33%
Troyes
33%
{Valence} Die, Saint-Paul-Trois-Châteaux
33%
Vannes
33%
Verdun
33%
Versailles
33%
Vosges
33%
Yonne
33%
Lyon Ain
22%
Reims Aisne
22%
Marseille Alpes-de-Haute-Provence
22%
Alpes-Maritimes
22%
Lyon Annecy
22%
Ardèche
22%
Ardennes
22%
Toulouse Ariège
22%
Aube
22%
Montpellier Aude
22%
Aveyron
22%
Saint-Siège Bas-Rhin
22%
Antilles-Guyane {Basse-Terre} et Pointe-à-Pitre
22%
{Beauvais} Noyon et Senlis
22%
Bordeaux
22%
Bouches-du-Rhône
22%
Rouen Calvados
22%
Cambrai
22%
Poitiers Charente
22%
Charente-Maritime
22%
Tours Cher
22%
Corrèze
22%
Corse-du-Sud
22%
Rennes Côtes-d'Armor
22%
{Coutances} et Avranches
22%
Creuse
22%
Deux-Sèvres
22%
Drôme
22%
Paris Essonne
22%
Eure
22%
Eure-et-Loir
22%
Finistère
22%
Gard
22%
Gers
22%
{Grenoble}-Vienne
22%
Antilles-Guyane Guadeloupe
22%
Guyane
22%
Haute-Corse
22%
Haute-Garonne
22%
Haute-Marne
22%
Hautes-Alpes
22%
Haute-Savoie
22%
Hautes-Pyrénées
22%
Haute-Vienne
22%
Haut-Rhin
22%
Hauts-de-Seine
22%
Hérault
22%
Ille-et-Vilaine
22%
Indre
22%
Indre-et-Loire
22%
Isère
22%
Loire
22%
Loire-Atlantique
22%
Loiret
22%
Loir-et-Cher
22%
Lot
22%
Lozère
22%
Luçon
22%
Maine-et-Loire
22%
Manche
22%
Marseille
22%
Martinique
22%
Mayenne
22%
Metz
22%
Morbihan
22%
Orne
22%
Paris
22%
Pontoise
22%
Pyrénées-Orientales
22%
Rhône
22%
Saint-Claude
22%
Saint-Denis
22%
{Saint-Pierre} et Fort-de-France
22%
Sarthe
22%
Savoie
22%
Séez
22%
Seine-et-Marne
22%
Seine-Maritime
22%
Seine-Saint-Denis
22%
{Sens}-Auxerre
22%
Somme
22%
Tarn
22%
Tarn-et-Garonne
22%
Tours
22%
Val-de-Marne
22%
Val-d'Oise
22%
Var
22%
Vaucluse
22%
Vendée
22%
Vienne
22%
Yvelines
22%
{Belley}-Ars
11%
{Lodève} Béziers, Agde et Saint-Pons-de-Thomières
11%
Lyon
11%
Marne
11%
Moselle
11%
Oise
11%
Saint-Etienne
11%
Aire et Dax
0%
Comores
0%
Saint-Siège Comores
0%
Réunion
0%
Réunion
0%
Viviers
0%
Aucun quiz correspondant
Distribution des résultats
% des personnes avec chaque résultat
Percentile par nombre de réponses
Votre historique - résultats
Vous n’avez pas pris ce quiz